| 000 -LEADER |
| fixed length control field |
00786nam a22001817a 4500 |
| 005 - DATE AND TIME OF LATEST TRANSACTION |
| control field |
20230912120533.0 |
| 008 - FIXED-LENGTH DATA ELEMENTS--GENERAL INFORMATION |
| fixed length control field |
230912s1982 gw ||||| |||| 00| 0 ger d |
| 041 ## - LANGUAGE CODE |
| Language code of text/sound track or separate title |
ger |
| 080 ## - UNIVERSAL DECIMAL CLASSIFICATION NUMBER |
| Universal Decimal Classification number |
902/904 F-57 |
| 100 ## - MAIN ENTRY--PERSONAL NAME |
| Personal name |
Fischer, Thomas H. |
| 9 (RLIN) |
19799 |
| 245 ## - TITLE STATEMENT |
| Title |
Von den Römern zu den Bajuwaren: |
| Remainder of title |
Stadtarchäologie in Regensburg mit Beiträgen von Werner Endres und Veit Loers. |
| Statement of responsibility, etc. |
Fischer, Thomas H. / Rieckhoff-Pauli, Sabine. |
| 264 ## - PRODUCTION, PUBLICATION, DISTRIBUTION, MANUFACTURE, AND COPYRIGHT NOTICE |
| Place of production, publication, distribution, manufacture |
Munchen, |
| Date of production, publication, distribution, manufacture, or copyright notice |
1982. |
| 300 ## - PHYSICAL DESCRIPTION |
| Extent |
94 p. : |
| Other physical details |
ill.; |
| Dimensions |
21 cm. |
| 653 ## - INDEX TERM--UNCONTROLLED |
| keyword |
რომაელებიდან ბავარიელებამდე |
| 653 ## - INDEX TERM--UNCONTROLLED |
| keyword |
ურბანული არქეოლოგია რეგენსბურგში |
| 700 ## - ADDED ENTRY--PERSONAL NAME |
| Personal name |
Rieckhoff-Pauli, Sabine |
| Relator term |
რედაქტორი |
| 9 (RLIN) |
19800 |
| 942 ## - ADDED ENTRY ELEMENTS (KOHA) |
| Source of classification or shelving scheme |
|
| Koha item type |
წიგნი |